Kabale University Library Catalogue

Africa in world history : (Record no. 6177)

MARC details
000 -LEADER
fixed length control field 01114cam a2200277 a 4500
003 - CONTROL NUMBER IDENTIFIER
control field OSt
005 - DATE AND TIME OF LATEST TRANSACTION
control field 20260311182947.0
008 - FIXED-LENGTH DATA ELEMENTS--GENERAL INFORMATION
fixed length control field 070604s2008 njuab b 001 0 eng
020 ## - INTERNATIONAL STANDARD BOOK NUMBER
International Standard Book Number 9780136154389
020 ## - INTERNATIONAL STANDARD BOOK NUMBER
International Standard Book Number 0136154387
040 ## - CATALOGING SOURCE
Original cataloging agency KABLIB
Transcribing agency KABLIB
Language of cataloging eng
Description conventions rda
082 00 - DEWEY DECIMAL CLASSIFICATION NUMBER
Classification number 960.3
Edition number 23
Item number GIL
100 1# - MAIN ENTRY--PERSONAL NAME
Personal name Gilbert, Erik.
9 (RLIN) 15701
245 10 - TITLE STATEMENT
Title Africa in world history :
Remainder of title from prehistory to the present /
Statement of responsibility, etc. Erik Gilbert, Jonathan T. Reynolds.
250 ## - EDITION STATEMENT
Edition statement 2nd ed.
260 ## - PUBLICATION, DISTRIBUTION, ETC.
Place of publication, distribution, etc. Upper Saddle River, N.J. :
Name of publisher, distributor, etc. Pearson/Prentice Hall,
Date of publication, distribution, etc. c2008.
300 ## - PHYSICAL DESCRIPTION
Extent xxiv, 456 p. :
Other physical details ill. (some col.), maps (some col.) ;
Dimensions 23 cm.
500 ## - GENERAL NOTE
General note Rev. ed. of: Africa in world history / Jonathan T. Reynolds, Erik Gilbert.
504 ## - BIBLIOGRAPHY, ETC. NOTE
Bibliography, etc. note Includes bibliographical references (p. 433-436), index.
650 #0 - SUBJECT ADDED ENTRY--TOPICAL TERM
Topical term or geographic name entry element Civilization, Western
General subdivision African influences.
9 (RLIN) 15702
651 #0 - SUBJECT ADDED ENTRY--GEOGRAPHIC NAME
Geographic name Africa
General subdivision History.
9 (RLIN) 15703
700 1# - ADDED ENTRY--PERSONAL NAME
Personal name Reynolds, Jonathan T.
9 (RLIN) 15704
700 1# - ADDED ENTRY--PERSONAL NAME
Personal name Reynolds, Jonathan T.
Title of a work Africa in world history.
9 (RLIN) 15705
856 41 - ELECTRONIC LOCATION AND ACCESS
Materials specified Table of contents only
Uniform Resource Identifier <a href="http://www.loc.gov/catdir/toc/ecip0719/2007022591.html">http://www.loc.gov/catdir/toc/ecip0719/2007022591.html</a>
942 ## - ADDED ENTRY ELEMENTS (KOHA)
Source of classification or shelving scheme Dewey Decimal Classification
Koha item type Book
Holdings
Withdrawn status Lost status Source of classification or shelving scheme Damaged status Not for loan Home library Current library Shelving location Date acquired Source of acquisition Total Checkouts Full call number Barcode Date last seen Price effective from Koha item type
    Dewey Decimal Classification     Mukombe Library Mukombe Library Open Access Section 11.03.2026 Donated   960.3 GIL 14607 11.03.2026 11.03.2026 Book

Kabale University Library | Kabale University P.O Box 317, Kabale, Uganda
Tel : +256754017033, +256774661503 E-mail : library@kab.ac.ug